| 000 | 00372pab a2200133 454500 | ||
|---|---|---|---|
| 008 | 180718b2003 xxu||||| |||| 00| 0 eng d | ||
| 100 | _aWilliams, Keith L. | ||
| 245 | _aPeel's principles and their acceptance by American police: ending 175 years of reinvention | ||
| 260 | _c2003 | ||
| 300 | _ap.97-120. | ||
| 650 | _aPolice | ||
| 773 | _aPolice Journal | ||
| 909 | _a57306 | ||
| 999 |
_c57306 _d57306 |
||